| 000 | 00804cam a22001811 4500 | ||
|---|---|---|---|
| 082 |
_a620.11 _bAME _cL-36, P-35 |
||
| 110 | 2 |
_aAmerican Society for Testing Materials. _925223 |
|
| 245 | 1 | 0 |
_aSymposium on deformation of metals as related to forming and service. _cPresented at the fifty-first annual meeting, American Society for Testing Materials, Detroit, Mich., June 22, 1948. |
| 260 |
_aPhiladelphia _c[c1949] |
||
| 300 |
_a117 p. _billus. _c23 cm. |
||
| 490 | 1 | _aIts Special technical publication | |
| 500 | _a"The symposium was sponsored by the Administrative Committee on Simulated Service Testing." | ||
| 526 |
_a0 _b0 _c0 _d620_110000000000000_AME |
||
| 650 | 0 |
_aDeformations (Mechanics) _919042 |
|
| 650 | 0 |
_aMetals _xTesting. _940778 |
|
| 650 | 0 |
_aStrains and stresses. _928238 |
|
| 942 |
_2ddc _cBK |
||
| 999 |
_c545275 _d545275 |
||